Mikä Euroopan valtio? - Statistics

Yleistilastot
  • Tätä visaa on pelattu 1 292 kertaa
  • Keskiarvotulos 9 / 15
Vastaustilastot
Kysymys Vastaus % Oikein
Mikä valtio on järjestänyt kesäolympialaiset? Suomi
83%
Missä valtiossa sijaitsee Sotšin kaupunki? Venäjällä
79%
Millä näistä valtioista on maarajaa vain yhden valtion kanssa? Tanskalla
76%
Minkä valtion pääkaupunki ei ala kirjaimella B? Albanian
72%
Missä valtiossa sijaitsevat Manneken Pis ja Atomium? Belgiassa
67%
Mikä näistä valtioista on pinta-alaltaan suurin? Ranska
67%
Mikä seuraavista valtioista on Ukrainan rajanaapuri? Unkari
65%
Mikä valtio oli osa Jugoslaviaa? Kroatia
63%
Mikä valtio ei ole voittanut miesten jalkapallon maailmanmestaruutta? Portugali
62%
Mikä valtio kuuluu Euroopan unioniin? Romania
61%
Mikä valtio sijaitsee Atlantin keskiselänteellä? Islanti
54%
Mitä valtioita ei miehitetty toisen maailmansodan aikana? Espanjaa
53%
Missä valtiossa sijaitsee noin vuonna 120 rakennettu Pantheon? Italiassa
28%
Mikä seuraavista valtioista ei kuulu Natoon? Itävalta
27%
Mikä valtio kuului keskusvaltoihin ensimmäisessä maailmansodassa? Bulgaria
18%
Ehtoja vastaavia visoja ei löytynyt
Tulosjakauma
Jokaisen tuloksen saaneiden osuus
Persentiili vastausten määrän mukaan
Tuloshistoriasi
Et ole pelannut tätä visaa